000 00361 a2200181 4500
260 _aLondon
100 _aGREN, Lucas
260 _bIUCN
245 _aThe IUCN plant red data
300 _a540p.
650 _aespèces végétales
650 _aplantes
260 _c1978
130 _lEn.
020 _a2-88032-202-2
999 _c27794
_d27794